| 000 | 01255nas a2200277 a 4500 | ||
|---|---|---|---|
| 999 |
_c345097 _d345097 |
||
| 003 | BLK | ||
| 005 | 20240315102304.0 | ||
| 008 | 190915d |||n| |||| 00| c0bul d | ||
| 010 | _a000136 | ||
| 040 | _aBLK | ||
| 041 |
_aBUL _cBUL |
||
| 080 | _z281.962(05) | ||
| 245 | 1 | 0 |
_aЦЪРКОВЕН ВЕСТНИК _n43 |
| 246 | _aСедмично издание | ||
| 260 |
_aСофия _bСв. Синод _g1942 |
||
| 490 |
_aЧастна колекция - Академик Михаил Арнаудов _gДарение - Основен фонд |
||
| 500 | _aПодчертавания в текста на статия от Кирил Пловдивски за Йеромонах СпиридонАдрес : Тук Университета проф. М. Арнаудов, даром.Статия за йеромонах Спиридон :в. Днес, Х№803, 18 дек. 1942. Датирането от М. Арнаудов | ||
| 650 | 4 |
_aРелигии _9169205 |
|
| 650 | 0 |
_aБългарска православна църква _9265795 |
|
| 650 | 4 |
_aбългарски печат _9400591 |
|
| 852 | _aМА 4672 | ||
| 942 |
_cNSP _n0 _s1 |
||
| 999 | _d345097 | ||
| 999 | _d345097 | ||
| 944 |
_k30560 _lГеновева Генчева |
||